Quiz das Ilhas Salomão - Statistics

Estatísticas Gerais
  • Esse quiz foi jogado 418 vezes
  • A pontuação média é 9 de 15
Estatísticas das Respostas
Dica Resposta % Correto
Língua oficial Inglês
96%
As Ilhas Salomão era uma colônia deste país antes de 1978 Reino Unido
88%
País que invadiu as ilhas em 1942 Japão
85%
Moeda oficial Dólar
81%
Países mais próximos Papua Nova Guiné
77%
Países mais próximos Vanuatu
76%
Maior setor da economia Agricultura
60%
Região da Oceania que as Ilhas Salomão fazem parte {Mela}nésia
59%
Capital Honiara
58%
Esporte mais popular Rugby league
58%
Mar no noroeste das Ilhas Salomão Mar de {Salomão}
47%
Mar no sudoeste das Ilhas Salomão Mar de {Coral}
36%
Maior ilha Guadalcanal
21%
Língua mais falada Pijin
18%
Antiga capital que foi gravemente danificada pelo acima Tulagi
14%
Nenhum quiz correspondente encontrado
Distribuição das Pontuações
Porcentagem de Pessoas com Cada Pontuação
Percentil de Números Respondidos
Sua Pontuação Histórica
Você não jogou esse quiz